| 000 | 00465nam a22001697a 4500 | ||
|---|---|---|---|
| 008 | 230524b |||||||| |||| 00| 0 eng d | ||
| 040 |
_aNational Science Library _cNational Science Library |
||
| 080 |
_a575(045) _bL4 |
||
| 100 | _aGrene, Majorie | ||
| 245 | _aThe understanding of nature | ||
| 260 |
_aHolland: _bReidel Publishing Company, _c1974 |
||
| 300 | _a374p. | ||
| 650 | _aScience | ||
| 653 | _aScience | ||
| 653 | _aBiology | ||
| 942 |
_2udc _cBK |
||
| 999 |
_c35164 _d35164 |
||